Statistics for Guess the Taylor Swift Song (no hints) 54

Click here to take the quiz!

General Stats

  • This quiz has been taken 67 times
  • The average score is 350 of 397

Answer Stats

Answer% Correct
I
100%
it
98%
the
98%
a
97%
you?
97%
You
97%
you
97%
in
95%
In
95%
is
95%
my
95%
That
95%
that
95%
that?
95%
your
95%
and
94%
And
94%
If
94%
I'm
94%
it's
94%
on
94%
this
94%
to
94%
wear
94%
when
94%
When
94%
be
92%
like
92%
me?
92%
me
92%
of
92%
she
92%
She
92%
with
92%
you're
92%
You're
92%
All
90%
all
90%
can
90%
Can't
90%
can't
90%
do
90%
for
90%
know
90%
know,
90%
up
90%
who
90%
Who
90%
why
90%
here
89%
night
89%
one
89%
said
89%
So,
89%
time
89%
what
89%
about
87%
been
87%
Been
87%
by
87%
'Cause
87%
could
87%
day
87%
get
87%
girl
87%
has
87%
off
87%
see?
87%
see
87%
than
87%
where
87%
doesn't
85%
Have
85%
never
85%
not
85%
room,
85%
She's
85%
she's
85%
Think
85%
belong
84%
girlfriend,
84%
going
84%
got
84%
phone
84%
short
84%
something
84%
whole
84%
But
82%
Captain,
82%
Cheer
82%
ever
82%
humor
82%
kind
82%
music
82%
she'll
82%
skirts
82%
T-shirts
82%
Tuesday
82%
wears
82%
along
81%
at
81%
better
81%
bleachers
81%
doing
81%
down
81%
Dreaming
81%
isn't
81%
light
81%
listening
81%
looking
81%
seen
81%
typical
81%
understands
81%
upset
81%
wake
81%
you've
81%
find
79%
haven't
79%
heels
79%
high
79%
how
79%
myself
79%
smile
79%
story
79%
thinking
79%
town
79%
easy?
77%
Hey,
77%
just
77%
say
77%
sneakers
77%
thought
77%
while
77%
baby?
76%
jeans
76%
Oh,
76%
Since
76%
park
74%
tell
74%
bench
73%
brought
73%
cry
73%
laugh
73%
middle
73%
Walk
73%
worn-out
73%
'bout
71%
favorite
71%
makes
71%
maybe
71%
songs
71%
dreams
69%
fine,
69%
ought
69%
waiting
69%
Standing
68%
streets
68%
backdoor
66%
help
66%
house
66%
remember
65%
driving
63%
Laughing
63%

Score Distribution

Percentile by Number Answered

Percent of People with Each Score

Your Score History

You have not taken this quiz